000
00219 a2200097 4500
001
3643
100
_a
Doherty, J.C
245
_a
Trade, finance & Development in Pakinstan
260
_a
_b
Oxford
_c
090
_c
2905
_d
2905
942
_a
NUST-CAE
_c
M
_c
21169
999
_c
238716
_d
238716